| 000 | 00673nam a22001937a 4500 | ||
|---|---|---|---|
| 999 |
_c61767 _d61767 |
||
| 005 | 20240430160816.0 | ||
| 008 | 240430s2007 enk||||| |||| 00| 0 eng d | ||
| 020 | _a9780521826372x | ||
| 041 | _aeng | ||
| 080 | _a616.89 H-22 | ||
| 245 |
_aHandbook of Liaison Psychiatry / _cEdited by Geoffrey Lloyd, Elspeth Guthrie. |
||
| 264 |
_aCambridge: _bCambridge University Press, _c2007. |
||
| 300 |
_a930 p.; _b26 cm. |
||
| 653 | _aფსიქიატრია | ||
| 653 | _aმეციცინა | ||
| 700 |
_aLloyd, Geoffrey _eრედაქტორი _921999 |
||
| 700 |
_aGuthrie, Elspeth _eრედაქტორი _922000 |
||
| 942 |
_2udc _cᲬᲘᲒᲜᲘ |
||